000 00467nam a2200181Ia 4500
001 20736
005 20260306172827.0
008 260306t2010||||xx |||||||||||||| ||spa||
041 _aESP
082 _a343.7J
_bG12
100 _aHuamán Ordóñez, Luis Alberto
_eAUT
245 0 _aJurisprudencia administrativa de carácter constitucional
260 _c2010
300 _a205 páginas :
_c24 cm.
650 _aGEN
654 _aCDE
942 _cLIB
_dJUS
_fJUS
_2ddc
_n
999 _c20736
_d20736